000 01000nam a2200265 a 4500
001 25131
003 CO-ViMGA
008 141112s2004 ck r 000 u spa d
015 _aNNN
020 _a9788498352702
040 _aCO-ViMGA
_bspa
_cCO-ViMGA
041 _aspa
082 0 4 _a612.044 M67f
100 1 _aMora Rodríguez, Ricardo
_938283
245 1 0 _aFisiología del deporte y el ejercicio prácticas de campo y laboratorio Ricardo Mora Rodríguez
260 _aBuenos Aires ; Bogotá ; Madrid,
_cEspaña Editorial Médica PanAméricana c2010.
300 _aviii, 212 p. il. 24 cm. 1 CD - ROM (31.2 MB ; 12 cm.)
504 _aIncluye referencias bibliográficas e índice.
541 _62.400 (obra completa); 1 c. + 1 CD - ROM.
596 _a2
650 1 4 _aCondición física - evaluación
_938284
650 1 4 _aDeportes - Aspectos fisiológicos
926 _aB - GENERAL SALAEXPO 612.044 M67F LIBRO 1
942 _2ddc
_cBK
999 _c32760
_d32760